Frieght collection and delivery in urban areas: report (Record no. 504238)

000 -LEADER
fixed length control field 00433cam a22001097a 4500
008 - FIXED-LENGTH DATA ELEMENTS--GENERAL INFORMATION
fixed length control field 180718b1976 xxu||||| |||| 00| 0 eng d
082 ## - DEWEY DECIMAL CLASSIFICATION NUMBER
Classification number Wx4 Eu74/31
245 ## - TITLE STATEMENT
Title Frieght collection and delivery in urban areas: report
Statement of responsibility, etc. by European Conference of Ministers of Transport, France
260 ## - PUBLICATION, DISTRIBUTION, ETC.
Place of publication, distribution, etc. Paris
Name of publisher, distributor, etc. European Conference of Ministers of Transport
Date of publication, distribution, etc. 1976
300 ## - PHYSICAL DESCRIPTION
Extent 87+p.
700 ## - ADDED ENTRY--PERSONAL NAME
Personal name France. European Conference of Ministers of Transport
Holdings
Withdrawn status Lost status Source of classification or shelving scheme Damaged status Not for loan Permanent Location Current Location Date acquired Full call number Barcode Date last seen Price effective from Koha item type
          Indian Institute of Public Administration Indian Institute of Public Administration 2018-08-04 Wx4 Eu74/31 G13852 2018-08-04 2018-08-04 G

Powered by Koha